00737 a2200157 4500003000500000005001700005020001500022040000900037082001800046100001800064245004600082260003500128300001500163505036700178650003400545Nust20221202120940.0 a8120325966 cNust a621.38153,KUM aA.Anand Kumar aPulse & digital circuits /cA.Anand Kumar aNew DelhibPrentice-hallc2004 axii , 467p aLinear Wave Shaping (Page-1), Clipping Circuits (Page-81), Clamping Circuits (Page-118), Switching Characteristics of Devices (Page-151), Multivibrators (Page-176), Negative-Resistance Devices And Circuits (Page-274), Time base Generators (Page-309), Blocking Oscillators (Page-363), Sampling Gates (Page-385), Synchronization and Frequency Division (Page-408). aTelecommunication Engineering